| 000 | 00740cam a2200265 i 4500 | ||
|---|---|---|---|
| 001 | 17787511 | ||
| 003 | OSt | ||
| 005 | 20160205105004.0 | ||
| 008 | 130621s2013 cau 000 0 eng | ||
| 010 | _a 2013943553 | ||
| 020 | _a9781930781351 (pbk. : alk. paper) | ||
| 040 | _aSEKU | ||
| 042 | _apcc | ||
| 050 | 0 | 0 |
_aPS 3613 _b.E9 A6 |
| 082 | 0 | 0 |
_a811/.54 _223 |
| 100 | 1 |
_aMeyers, Susan, _d1945- |
|
| 240 | 1 | 0 |
_aPoems. _kSelections |
| 245 | 1 | 0 |
_aMy dear, dear stagger grass : _bpoems / _cSusan Laughter Meyers. |
| 260 |
_aSan Diego, CA : _bCider Press Review, _cc2013. |
||
| 300 | _a73 p. | ||
| 504 | _aIncludes bibl. refs. | ||
| 650 | _2American poetry | ||
| 942 |
_2lcc _cGEN |
||
| 999 |
_c10466 _d10466 |
||